[Event "Floripa Chess Open 2024"]
[Site "Florianopolis"]
[Date "2024.01.20"]
[Round "1.11"]
[White "Do Valle Cardoso, Lucas"]
[Black "De Menezes, Ricardo Fagner Dias"]
[Result "1-0"]
[WhiteElo "2392"]
[BlackElo "1675"]
[PlyCount "101"]
[EventDate "2024.01.20"]
[EventRounds "10"]
[EventCountry "BRA"]

1. e4 c6 2. d4 d5 3. Nc3 dxe4 4. Nxe4 Nf6 5. Nxf6+ exf6 6. c3 Bd6 7. Bd3 O-O 8.
Qc2 Re8+ 9. Ne2 h5 10. Be3 Qc7 ({RR} 10... Nd7 11. O-O-O b5 12. d5 c5 13. Bxb5
Rb8 14. c4 a6 15. Ba4 Re7 16. Ng3 Ne5 17. Ne4 Reb7 18. b3 Rb4 19. Bd2 Rxa4 20.
bxa4 Bf5 21. Rde1 h4 22. h3 Ng6 23. Re3 Nf4 24. g4 Bg6 25. Kd1 {Duda,J (2757)
-Carlsen,M (2863) Stavanger NOR 2020 1-0 (63)}) 11. O-O-O Nd7 12. c4 $146 ({RR
} 12. Kb1 Nf8 13. Ng3 g6 14. Ne4 Be7 15. h3 Bf5 16. g4 Bxe4 17. Bxe4 h4 18. Bg2
c5 19. Bd5 Rad8 20. c4 b5 21. dxc5 bxc4 22. Qxc4 Kg7 23. Bxf7 Rxd1+ 24. Rxd1
Rc8 25. Be6 Rd8 26. Rxd8 Qxd8 {Kislov,O (2249)-Manukian,A (2196) chess.com INT
2021 1-0 (43)}) ({RR} 12. Ng3 h4 13. Nf5 Bf4 14. g3 Bxe3+ 15. Nxe3 Nf8 16. gxh4
Qf4 17. h5 Bg4 18. Rde1 Bxh5 19. Kb1 Bg6 20. Rhg1 Bxd3 21. Qxd3 Ng6 22. Rg2 Qe4
23. Kc2 Qxd3+ 24. Kxd3 Nf4+ 25. Kd2 Nxg2 26. Nxg2 Rxe1 {Dobrijevic,M (2208)
-Svicevic,R (2160) chess.com INT 2023 0-1 (42)}) 12... c5 13. Kb1 cxd4 14. Nxd4
Bc5 15. Nb5 Qc6 16. Bh7+ Kh8 17. Bxc5 Nxc5 18. Nd6 Be6 19. Nxe8 Rxe8 20. Bf5 a5
21. Bxe6 Nxe6 22. f3 a4 23. Rhe1 a3 24. b3 Ra8 25. Qf5 Qb6 26. Qxh5+ Kg8 27.
Qf5 Qf2 28. Qc2 Qh4 29. g3 Qh3 30. f4 Rc8 31. Rd5 b5 32. f5 Nc7 33. Rd4 Qh5 34.
cxb5 Qf3 35. b6 Re8 36. Rxe8+ Nxe8 37. Rd8 Kh7 38. Qd2 Qe4+ 39. Kc1 Qh1+ 40.
Kc2 Qc6+ 41. Kd1 Qh1+ 42. Ke2 Qg2+ 43. Ke3 Qg1+ 44. Kf3 Qf1+ 45. Kg4 g6 46.
fxg6+ fxg6 47. Qf4 Qe2+ 48. Kh3 Qe6+ 49. Qg4 f5 50. Qh4+ Kg7 51. Qd4+ 1-0

[Event "Floripa Chess Open 2024"]
[Site "Florianopolis"]
[Date "2024.01.20"]
[Round "1.12"]
[White "Do Prado, Hamilton Mesquita"]
[Black "Perez Gormaz, Matias"]
[Result "0-1"]
[WhiteElo "1673"]
[BlackElo "2388"]
[PlyCount "80"]
[EventDate "2024.01.20"]
[EventRounds "10"]
[EventCountry "BRA"]

1. d4 Nf6 2. Bf4 d5 3. e3 c5 4. c3 Nc6 5. Nd2 Bf5 6. Ngf3 Qb6 7. Qc1 Rc8 8.
dxc5 ({RR} 8. Be2 e6 9. O-O Be7 10. dxc5 Bxc5 11. Nb3 O-O 12. Nfd4 Nxd4 13.
exd4 Be7 14. Bg5 Qc7 15. Bf4 Qb6 16. Re1 Ne4 17. Bf3 Bf6 18. Bxe4 dxe4 19. Bg5
e5 20. Bxf6 Qxf6 21. dxe5 Qxe5 22. Qe3 b6 {Georgiev,V (2572)-Sebag,M (2521)
Plovdiv 2008 0-1 (78)}) 8... Qxc5 9. Nd4 ({RR} 9. Be2 h6 10. O-O Nh5 11. Bg3
Nxg3 12. hxg3 e6 13. Nb3 Qb6 14. Qd2 Be7 15. Nbd4 Bg6 16. Bd3 Bh5 17. Rfe1 O-O
18. Nxc6 bxc6 19. e4 Rfd8 20. Qc2 Rb8 21. Rab1 Bc5 22. Ne5 f6 23. Nf3 e5 {
Lee,A (2079)-Yaniuk,V (2223) chess.com INT 2023 0-1 (53)}) 9... Bg6 10. a4 $146
({RR} 10. Bg3 e6 11. Be2 Be7 12. O-O O-O 13. f4 Ne4 14. Be1 Bf6 15. N2f3 Bh5
16. Qd1 Rfe8 17. Kh1 Rcd8 18. Nd2 Bxe2 19. Nxe4 dxe4 20. Qxe2 e5 21. Nb3 Qb6
22. f5 Rd3 23. Bf2 Ne7 24. Qg4 Qc6 {Vecsey,Z-Johner,P Trieste 1923 0-1 (39)})
10... a6 11. Nxc6 Qxc6 12. f3 Nd7 13. Be2 e5 14. Bg3 Bc5 15. Nb3 Ba7 16. Bf2
O-O 17. O-O Rfd8 18. a5 Qe6 19. Bd1 Nf6 20. Re1 Ne8 21. Ra4 Nd6 22. Nd2 Qd7 23.
f4 e4 24. Ra1 h5 25. Bh4 Rf8 26. Bf2 Nf5 27. g4 hxg4 28. Bxg4 Rc6 29. Nf1 Qe7
30. Qd1 Rd8 31. Qb3 Nh4 32. Nd2 Bh7 33. Rad1 Rg6 34. h3 f5 35. Bg3 fxg4 36. Kh2
Nf5 37. Nf1 Qf7 38. c4 Rh6 39. Rxd5 Rxd5 40. cxd5 Qh5 0-1

[Event "Floripa Chess Open 2024"]
[Site "Florianopolis"]
[Date "2024.01.20"]
[Round "1.13"]
[White "Perez, Maximiliano"]
[Black "Calcada, Henrique Galvan"]
[Result "1-0"]
[WhiteElo "2383"]
[BlackElo "1672"]
[PlyCount "83"]
[EventDate "2024.01.20"]
[EventRounds "10"]
[EventCountry "BRA"]

1. e4 c5 2. Nf3 Nc6 3. g3 Nf6 4. d3 e5 5. Bg2 Be7 6. O-O O-O 7. Re1 ({RR} 7. c3
d5 8. exd5 Nxd5 9. Re1 Bg4 10. h3 Bxf3 11. Qxf3 Nc7 12. Na3 Re8 13. Nc4 Bf8 14.
a4 Qd7 15. a5 Re6 16. h4 g6 17. Bh3 f5 18. g4 e4 19. dxe4 Rxe4 20. Rxe4 fxe4
21. Qxe4 Qd1+ {Andersen,M (2585)-Ynojosa,F (2393) chess.com INT 2020 1-0 (107)}
) 7... d6 8. h3 b5 $146 ({RR} 8... h6 9. Na3 a6 10. c3 Be6 11. Nc2 Qd7 12. Kh2
b5 13. d4 cxd4 14. cxd4 d5 15. Nxe5 Nxe5 16. dxe5 Nxe4 17. Bxe4 dxe4 18. Qxd7
Bxd7 19. Rxe4 Rfd8 20. Re1 Bf5 21. Na3 Bb4 22. Rg1 Rac8 23. Be3 {Ruiz,J (1448)
-Yanez,I (1711) Santa Cruz 2015 0-1 (33)}) ({RR} 8... h6 9. c3 Be6 10. a4 Qd7
11. Na3 Bxh3 12. Bh1 Bg4 13. Qb3 Be6 14. Qc2 Ng4 15. Nc4 f5 16. exf5 Rxf5 17.
Ne3 Nxe3 18. Bxe3 Raf8 19. Nh2 R5f7 20. c4 Nb4 21. Qe2 Bg5 22. Rf1 Bh3 23. Bxg5
{Boyer,M (2428)-Przybylski,W (2308) chess.com INT 2024 1-0 (69)}) 9. a4 bxa4
10. Rxa4 Bd7 11. Ra1 Qc8 12. Kh2 Qb7 13. c3 a5 14. d4 cxd4 15. cxd4 Rfc8 16.
Nc3 Be8 17. Re2 Nd7 18. Nd5 Bf6 19. dxe5 dxe5 20. Bd2 Nc5 21. Bc3 Nb3 22. Rb1
a4 23. Re1 Rd8 24. Qe2 Bd7 25. Red1 Be6 26. Qe3 Rac8 27. Rd3 Re8 28. Re1 Rcd8
29. Red1 Bxd5 30. Rxd5 Rxd5 31. exd5 Nd8 32. d6 Qd7 33. Qb6 g6 34. h4 Bg7 35.
Bh3 f5 36. Bf1 Kh8 37. Bb5 Qe6 38. Ng5 Qg8 39. Bxe8 Qxe8 40. Qxd8 Qxd8 41. Nf7+
Kg8 42. Nxd8 1-0

[Event "Floripa Chess Open 2024"]
[Site "Florianopolis"]
[Date "2024.01.20"]
[Round "1.14"]
[White "De Resende, Sidnei"]
[Black "Perdomo, Leandro"]
[Result "0-1"]
[WhiteElo "1666"]
[BlackElo "2382"]
[PlyCount "86"]
[EventDate "2024.01.20"]
[EventRounds "10"]
[EventCountry "BRA"]

1. e4 e5 2. Nf3 Nc6 3. Bb5 a6 4. Ba4 Nf6 5. O-O d6 6. Re1 Bd7 7. c3 g6 8. d4
Bg7 9. d5 Ne7 10. Nbd2 ({RR} 10. Bxd7+ Nxd7 11. Be3 Ng8 12. c4 Bh6 13. Nc3 Bxe3
14. Rxe3 Ngf6 15. b4 O-O 16. Rc1 Qe7 17. Nd2 a5 18. a3 axb4 19. axb4 Nb6 20. h3
Rfc8 21. Ra1 Rxa1 22. Qxa1 Ra8 23. Qb2 Qe8 24. Qc2 c6 {Karjakin,S (2769)
-Carlsen,M (2844) Wijk aan Zee 2016 1/2-1/2 (31)}) ({RR} 10. Bxd7+ Nxd7 11. Be3
h6 12. Nfd2 f5 13. f3 O-O 14. c4 Nc5 15. Qc2 a5 16. Nc3 c6 17. a3 cxd5 18. cxd5
Rc8 19. b4 Na6 20. Qb3 axb4 21. axb4 g5 22. Nb5 Qd7 23. Na7 Rce8 24. Qa4 Qxa4 {
Karp,I (2382)-Khmelniker,I (2469) Israel ISR 2024 1-0 (37)}) 10... O-O 11. Nf1
$146 ({RR} 11. c4 h6 12. c5 Bxa4 13. Qxa4 Nd7 14. b4 f5 15. Qb3 Kh7 16. Bb2
dxc5 17. exf5 Rxf5 18. Ne4 c4 19. Qxc4 Nb6 20. Qc2 Nbxd5 21. Ng3 Rxf3 22. gxf3
Nc6 23. Qe4 Nf4 24. Rad1 Qc8 25. Bc1 Ne6 {Marek,M (2389)-Beerdsen,T (2424)
Prague 2016 1-0 (34)}) 11... b5 12. Bb3 c6 13. Ng3 cxd5 14. exd5 a5 15. Bg5 a4
16. Bxf6 Bxf6 17. Bc2 Bg7 18. Nf1 a3 19. bxa3 Qa5 20. Rc1 Bh6 21. Ne3 Rfc8 22.
Bb3 Rxc3 23. Rxc3 Qxc3 24. Nc2 Bf5 25. Ne3 Rxa3 26. Qc1 Qxc1 27. Rxc1 Ra7 28.
Nd2 Bd3 29. Rc3 e4 30. g3 Bg7 31. Rc1 Bb2 32. Rd1 Rc7 33. g4 f5 34. h3 Kg7 35.
Kg2 Rc1 36. f4 h6 37. Kg3 Kf6 38. h4 g5 39. hxg5+ hxg5 40. fxg5+ Kxg5 41. gxf5
Nxf5+ 42. Nxf5 Kxf5 43. Rxc1 Bxc1 0-1

[Event "Floripa Chess Open 2024"]
[Site "Florianopolis"]
[Date "2024.01.20"]
[Round "1.16"]
[White "Dos Santos, Leonardo Lopes"]
[Black "Vazquez, Facundo"]
[Result "0-1"]
[WhiteElo "1664"]
[BlackElo "2381"]
[PlyCount "70"]
[EventDate "2024.01.20"]
[EventRounds "10"]
[EventCountry "BRA"]

1. e4 c5 2. Nf3 d6 3. Nc3 Nf6 4. d4 cxd4 5. Nxd4 Nc6 6. f3 e5 7. Nxc6 ({RR} 7.
Nf5 d5 8. Nxd5 Nxd5 9. Qxd5 Qxd5 10. exd5 Bxf5 11. dxc6 bxc6 12. Bd2 Bc5 13.
O-O-O O-O-O 14. Ba6+ Kc7 15. Ba5+ Bb6 16. Bxb6+ axb6 17. Bc4 f6 18. Rxd8 Rxd8
19. Rd1 Ra8 20. a3 b5 21. Bd3 Be6 {Tronenkovs,V (2265)-Alexakis,D (2450) chess.
com INT 2020 0-1 (40)}) 7... bxc6 8. Bg5 ({RR} 8. Bc4 Qb6 9. Bb3 Be7 10. Qe2
Ba6 11. Qe3 Qc7 12. Qf2 O-O 13. Be3 d5 14. exd5 cxd5 15. Na4 d4 16. Bg5 Bb5 17.
Bd2 Qc6 18. Nc3 dxc3 19. Bxc3 Bc5 20. Qh4 Rad8 21. Bd2 e4 22. O-O-O e3 {
Rodriguez,C (1849)-L'Ami,A (2287) Mindelo CPV 2022 0-1 (32)}) 8... Be6 9. Qd2
h6 $146 ({RR} 9... Be7 10. b3 O-O 11. Bxf6 Bxf6 12. Rd1 Be7 13. Na4 d5 14. Be2
a5 15. O-O Qc7 16. Bd3 Rfd8 17. Qe2 Bd6 18. c4 Qa7+ 19. Kh1 d4 20. f4 exf4 21.
e5 Be7 22. Qe4 g6 23. Qxf4 c5 24. h4 {Galicki,R (2047)-Olszowski,A (1897) Gora
Sw Anny 2008 1-0 (37)}) 10. Be3 Be7 11. O-O-O Qa5 12. Kb1 Kf8 13. f4 Nxe4 14.
Qd3 Nxc3+ 15. Qxc3 Bxa2+ 16. Ka1 Qxc3 17. bxc3 Bd5 18. c4 Be4 19. c5 exf4 20.
cxd6 fxe3 21. dxe7+ Kxe7 22. Bd3 Bd5 23. Rhe1 Rhe8 24. c4 Be6 25. Rxe3 Rab8 26.
Bf5 Rb4 27. Bxe6 fxe6 28. Ra3 Reb8 29. Rxa7+ R8b7 30. Rxb7+ Rxb7 31. Ka2 Rb4
32. Rd4 e5 33. Rg4 Kf6 34. h4 g6 35. Ka3 c5 0-1

[Event "Floripa Chess Open 2024"]
[Site "Florianopolis"]
[Date "2024.01.20"]
[Round "1.17"]
[White "Roselli Mailhe, Bernardo"]
[Black "Setti, Dalmarino"]
[Result "1-0"]
[WhiteElo "2364"]
[BlackElo "1664"]
[PlyCount "83"]
[EventDate "2024.01.20"]
[EventRounds "10"]
[EventCountry "BRA"]

1. d4 d5 2. c4 e6 3. Nf3 Nf6 4. Bg5 Be7 5. e3 c6 6. Nc3 O-O 7. Qc2 Nh5 ({RR} 
7... a6 8. cxd5 cxd5 9. Bd3 h6 10. Bh4 Nc6 11. a3 Bd7 12. O-O Rc8 13. Rfc1 Ne8
14. Bxe7 Qxe7 15. b3 Nd6 16. Qb2 Na5 17. Rc2 Rfd8 18. Rac1 f6 19. Re1 Be8 20.
Rec1 Rc6 21. Na2 Rdc8 22. Rc5 {Itkis,B (2465)-Negulescu,A (2465) Timisu de Sus
1998 1-0 (49)}) ({RR} 7... b6 8. Ne5 Bb7 9. a3 Nbd7 10. cxd5 cxd5 11. Bd3 h6
12. Bf4 Nxe5 13. Bxe5 Bd6 14. Bxd6 Qxd6 15. f4 Rfc8 16. Qb1 a5 17. O-O Ba6 18.
Bxa6 Rxa6 19. Qd3 Raa8 20. Rac1 Qd7 21. Rc2 Rc6 22. h3 {Worek,J (2301)-Ankerst,
M (2103) Germany 2009 0-1 (50)}) 8. Bxe7 Qxe7 9. g4 Nf6 10. Rg1 $146 ({RR} 10.
g5 Nh5 11. Bd3 g6 12. O-O-O dxc4 13. Bxc4 b5 14. Bd3 a5 15. Ne4 Nd7 16. Qxc6
Ba6 17. Qd6 Qxd6 18. Nxd6 b4 19. Kd2 Bxd3 20. Kxd3 Ra6 21. Ne4 f5 22. gxf6
Nhxf6 23. Nxf6+ Nxf6 24. Ne5 Rd6 {Mueller,M (2384)-Beckmann,H Werther 2000 1-0
(31)}) 10... Nbd7 11. O-O-O dxc4 12. Bxc4 Nd5 13. Nxd5 cxd5 14. Bd3 g6 15. h4
e5 16. dxe5 Nxe5 17. Nxe5 Qxe5 18. Kb1 Bd7 19. Be2 Rac8 20. Qd2 Rfd8 21. Qd4
Qe7 22. h5 Qe4+ 23. Rd3 Bc6 24. Rgd1 Re8 25. h6 Qxd4 26. Rxd4 g5 27. Bd3 Re5
28. Bf5 Rce8 29. Rh1 R8e7 30. Rc1 Re8 31. b3 Rd8 32. Kb2 Rd6 33. Rh1 Rf6 34.
Kc3 Be8 35. Kd2 Ra6 36. f4 gxf4 37. exf4 Rxf5 38. gxf5 Rd6 39. Rd3 Rd8 40. Rg1+
Kh8 41. Rg7 Rd6 42. Rdg3 1-0

[Event "Floripa Chess Open 2024"]
[Site "Florianopolis"]
[Date "2024.01.20"]
[Round "1.20"]
[White "Da Silva, Esequiel Luis Melo"]
[Black "Umetsubo, Cesar Hidemitsu"]
[Result "0-1"]
[WhiteElo "1647"]
[BlackElo "2349"]
[PlyCount "102"]
[EventDate "2024.01.20"]
[EventRounds "10"]
[EventCountry "BRA"]

1. d4 Nf6 2. Nf3 e6 3. Bg5 c5 4. c3 Qb6 5. Qb3 Ne4 6. Bf4 Nc6 7. e3 d5 8. Nbd2
Nxd2 9. Nxd2 Be7 10. dxc5 $146 ({RR} 10. Be2 O-O 11. O-O Bd7 12. dxc5 Bxc5 13.
e4 Ne7 14. Qxb6 Bxb6 15. Rad1 Ba4 16. b3 Bc6 17. Bd6 Rfe8 18. Bxe7 Rxe7 19.
exd5 exd5 20. Bf3 Rae8 21. c4 d4 22. Bxc6 bxc6 23. Nf3 c5 24. Rfe1 Ba5 {
Bilyap,E (2078)-Olafsson,H (2491) ICC INT 2000 1-0 (51)}) 10... Qxc5 11. Nf3
O-O 12. Bd3 Bf6 13. Bg5 Ne5 14. Nxe5 Bxg5 15. Nf3 Bf6 16. O-O e5 17. e4 Be6 18.
Qd1 Rfd8 19. Qe2 dxe4 20. Bxe4 Bc4 21. Qc2 Bxf1 22. Bxh7+ Kh8 23. Rxf1 g6 24.
Bxg6 fxg6 25. Qxg6 Qe7 26. Qh6+ Kg8 27. Re1 Bg7 28. Qh5 Rd6 29. Ng5 Rh6 30. Qg4
Rf8 31. h3 Qf6 32. Qc4+ Kh8 33. Ne4 Qc6 34. Qe2 Qa6 35. Qg4 Qe6 36. Qd1 Qxa2
37. Qc2 Qe6 38. Re3 Rg6 39. Qe2 Bh6 40. Rd3 Rfg8 41. g4 Bf4 42. b4 Qc4 43. Nd2
Bxd2 44. Qxe5+ Kh7 45. Rxd2 Qc6 46. Rd3 Re8 47. Qf5 Qe6 48. Qb5 Re7 49. Re3 Qf6
50. Rd3 Re1+ 51. Kh2 Qxf2# 0-1

[Event "Floripa Chess Open 2024"]
[Site "Florianopolis"]
[Date "2024.01.20"]
[Round "1.21"]
[White "Von Buelow, Georg"]
[Black "Bueno, Marcos Antonio Ferr"]
[Result "1-0"]
[WhiteElo "2345"]
[BlackElo "1644"]
[PlyCount "81"]
[EventDate "2024.01.20"]
[EventRounds "10"]
[EventCountry "BRA"]

1. e4 d6 2. d4 Nf6 3. Nc3 g6 4. Be3 Bg7 5. Qd2 Ng4 6. Bg5 h6 ({RR} 6... c5 7.
dxc5 dxc5 8. f3 Qxd2+ 9. Bxd2 Nf6 10. Nb5 Na6 11. O-O-O O-O 12. Be3 Be6 13. a3
Rfc8 14. Ne2 Nc7 15. Nxc7 Rxc7 16. Nf4 Bh6 17. Re1 Bd7 18. Kb1 Kg7 19. e5 Ng8
20. e6 fxe6 21. Bc4 {Timoscenko,G (2515)-Efimov,I (2530) Pula 1997 1/2-1/2 (50)
}) 7. Bf4 Nd7 ({RR} 7... e5 8. dxe5 dxe5 9. Qxd8+ Kxd8 10. O-O-O+ Nd7 11. Bg3
h5 12. h3 Nh6 13. Nf3 f6 14. Bc4 c6 15. Bb3 Ke7 16. Nh4 Nf8 17. Rd3 g5 18. Nf3
Nf7 19. Rhd1 Be6 20. Bxe6 Kxe6 21. h4 g4 22. Nd2 {Baruch,L (1718)-Liu,Z (2404)
chess.com INT 2023 0-1 (47)}) 8. h3 $146 ({RR} 8. f3 e5 9. dxe5 Ngxe5 10. Nh3
Nb6 11. Bxe5 Bxe5 {1/2-1/2 (11) Aguilar,S (2120)-Kimelman,G (1933) Montevideo
2014}) 8... e5 9. dxe5 Ngxe5 10. Be3 Nb6 11. b3 Qf6 12. Nge2 Bd7 13. O-O-O Nc6
14. Nd4 Nb4 15. a3 Nc6 16. Nxc6 Qxc3 17. Qxc3 Bxc3 18. Nd4 Nc8 19. Nb5 Bxb5 20.
Bxb5+ Ke7 21. f4 c6 22. Be2 Re8 23. Rd3 Bg7 24. Rhd1 Kf8 25. Bf3 Kg8 26. g4 a5
27. a4 Rb8 28. c4 b5 29. cxb5 cxb5 30. axb5 Rxb5 31. e5 dxe5 32. Bc6 exf4 33.
Bxb5 Rxe3 34. Rxe3 fxe3 35. Rd8+ Bf8 36. Rxc8 Kg7 37. Kd1 f5 38. gxf5 gxf5 39.
Ke2 f4 40. Kf3 Bd6 41. Ra8 1-0

[Event "Floripa Chess Open 2024"]
[Site "Florianopolis"]
[Date "2024.01.20"]
[Round "1.22"]
[White "Paula Pinto, Mateus Arsenio"]
[Black "Gemy, Jose Daniel"]
[Result "0-1"]
[WhiteElo "1640"]
[BlackElo "2329"]
[PlyCount "66"]
[EventDate "2024.01.20"]
[EventRounds "10"]
[EventCountry "BRA"]

1. d4 {Sagar Shah/Mokal,A} Nf6 2. c4 e6 3. Nf3 b6 4. g3 Ba6 5. Qc2 c5 6. Bg2 ({
RR} 6. d5) 6... Nc6 7. dxc5 bxc5 ({RR} 7... Bxc5 8. O-O Rc8 9. Qa4 Bb7 10. Nc3
O-O 11. Bf4) 8. a3 ({RR} 8. O-O Be7 9. e4 Rc8 ({RR} 9... e5 10. Qa4 ({RR} 10.
Nc3 Bxc4) 10... Bb7 11. Nc3 O-O 12. Re1 d6 13. Bg5 Nd4) 10. e5 Ng4 11. Qe4 ({RR
} 11. Qe2 f6 12. exf6 Bxf6 ({RR} 12... Nxf6 13. Nc3 Nd4 14. Nxd4 cxd4 15. Nb5)
13. Bf4 O-O 14. Nc3 ({RR} 14. h3 Nh6 15. Bxh6 gxh6 16. Nc3 Qe7) 14... Nh6 15.
Bxh6 gxh6 16. Ne4) 11... f5 12. exf6 Nxf6 13. Qe2 O-O 14. Nbd2 Bb7 15. b3 a5
16. Bb2 Qb6 ({RR} 16... Rc7) 17. Rab1 Qa7 18. a3 Qa8 19. Rfe1 a4 20. bxa4 Nd4 (
{RR} 20... Qxa4 21. Bxf6 Bxf6 22. Rxb7) 21. Qd3 Nxf3+ ({RR} 21... Bd8 22. Bxd4
cxd4 23. Qxd4 Bc6) 22. Bxf3 Bxf3 {Dubov,D (2654)-Jakovenko,D (2759) Chita 2015
CBM 168 [Sagar Shah/Mokal,A] 0-1 (48)}) 8... Rb8 ({RR} 8... Be7 9. O-O O-O 10.
Bf4 Qb6 11. Nbd2 d6 12. h3 Rab8 13. Rab1 h6 14. g4 e5 15. Bg3 Nh7 16. e3 Bc8
17. Nh4 Bxh4 18. Bxh4 f5 19. gxf5 Bxf5 20. Ne4 Rb7 21. Qd2 Rd7 22. Rbd1 Kh8 23.
Nc3 {Shvedova,A (2207)-Jakubowski,K (2486) chess.com INT 2023 1-0}) 9. O-O Qb6
10. Nbd2 $146 ({RR} 10. Rd1 Qb3 11. Qxb3 Rxb3 12. Nbd2 Rb6 13. e3 Na5 14. Bf1
Be7 15. b4 cxb4 16. c5 Bxc5 17. Bxa6 b3 18. Rb1 Rxa6 19. Nxb3 Rb6 20. Nbd2 Rxb1
21. Nxb1 O-O 22. Bd2 Nc4 23. Rc1 d5 24. Bb4 Bxb4 {Friend,B-Chipkin,L (2140)
Parsippany 1999 1/2-1/2 (38)}) 10... g6 11. Rb1 Bb7 12. b3 Bg7 13. Bb2 O-O 14.
e3 a5 15. Ne5 Ne7 16. Ndf3 Be4 17. Nd3 Qb7 18. Nfe1 d6 19. Bxe4 Qxe4 20. Bc3 a4
21. bxa4 Rxb1 22. Qxb1 Qxc4 23. Qc2 Ra8 24. Nb2 Qe4 25. Qb3 h5 26. Ng2 Qf3 27.
Nc4 Nf5 28. Nb6 Rb8 29. a5 Ne4 30. Be1 h4 31. gxh4 g5 32. h5 Nh4 33. Nxh4 gxh4
0-1

[Event "Floripa Chess Open 2024"]
[Site "Florianopolis"]
[Date "2024.01.20"]
[Round "1.23"]
[White "Labussiere, Victor"]
[Black "De Souza, Samuel B Ornelas"]
[Result "1-0"]
[WhiteElo "2328"]
[BlackElo "1639"]
[PlyCount "47"]
[EventDate "2024.01.20"]
[EventRounds "10"]
[EventCountry "BRA"]

1. c4 Nf6 2. Nc3 e5 3. Nf3 Nc6 4. e4 Bb4 5. d3 h6 6. a3 Bxc3+ 7. bxc3 O-O 8.
Be2 d6 9. h3 ({RR} 9. O-O Ne7 10. Ne1 Ng6 11. g3 Nh7 12. Ng2 Bh3 13. f4 exf4
14. gxf4 Nh4 15. Bf3 Qf6 16. Qe1 Bxg2 17. Bxg2 Rae8 18. Be3 b6 19. Qg3 Nxg2 20.
Qxg2 Qxc3 21. f5 Kh8 22. Rfd1 Rg8 23. Qf2 Nf6 {Smietanska,W (1951)-Enkhtuul,A 
(2264) chess.com INT 2023 1-0 (43)}) 9... Re8 $146 ({RR} 9... b6 10. O-O Bb7
11. Nh2 Nh7 12. f4 exf4 13. Bxf4 f5 14. exf5 Rxf5 15. Bg4 Rf8 16. Be6+ Kh8 17.
Bd5 Qh4 18. Qg4 Qxg4 19. Nxg4 Na5 20. Rae1 Rae8 21. Bg3 Rxf1+ 22. Rxf1 Bxd5 23.
cxd5 Kg8 24. Re1 {Stuchly,R (2019)-Krejci,J (2117) Czechia 2009 1/2-1/2 (63)})
10. Be3 Nh7 11. Rg1 f5 12. exf5 Bxf5 13. g4 e4 14. gxf5 exf3 15. Bxf3 Qh4 16.
Bd5+ Kh8 17. Qf3 Ng5 18. Qg3 Qxh3 19. O-O-O Qxg3 20. Rxg3 Nh7 21. Rdg1 Ne7 22.
Be4 Rg8 23. Bd4 Nf6 24. Rxg7 1-0

[Event "Floripa Chess Open 2024"]
[Site "Florianopolis"]
[Date "2024.01.20"]
[Round "1.24"]
[White "Vaz, Osvaldo Jose"]
[Black "Filgueiras, Nathan Felipe"]
[Result "0-1"]
[WhiteElo "1627"]
[BlackElo "2321"]
[PlyCount "52"]
[EventDate "2024.01.20"]
[EventRounds "10"]
[EventCountry "BRA"]

1. e4 c5 2. Nf3 Nc6 3. b4 Nxb4 4. c3 Nc6 5. d4 d5 6. exd5 Qxd5 7. Na3 Bg4 8.
Bc4 ({RR} 8. Be2 e6 9. c4 Qd7 10. d5 Bxf3 11. Bxf3 Nd4 12. O-O e5 13. Re1 Bd6
14. Rb1 Ne7 15. Nb5 Nxb5 16. Rxb5 O-O 17. Bb2 Ng6 18. Be4 f5 19. Bb1 Rae8 20.
g3 e4 21. Qh5 Be5 22. Bc1 Bd4 {Vaz,O (1627)-Pedroso,D (1924) Florianopolis BRA
2024 0-1}) 8... Qe4+ 9. Be3 cxd4 10. cxd4 e6 $146 ({RR} 10... e5 11. Nb5 Bb4+
12. Kf1 O-O-O 13. Qa4 exd4 14. Nxa7+ Nxa7 15. Qxb4 dxe3 16. Rc1 Nc6 17. Qb6
Bxf3 18. Ba6 e2+ 19. Kg1 Rd1+ 20. Rxd1 exd1=Q+ 21. Bf1 Qxf1+ 22. Kxf1 Qe2+ 23.
Kg1 Qe1# {0-1 (23) Lopez del Alamo,A (2237)-Chirila,I (2530) chess.com INT 2024
}) 11. Nb5 Rc8 12. O-O Nf6 13. Qb3 Bxf3 14. gxf3 Qf5 15. Bd3 Qxf3 16. Rfe1 Be7
17. Be2 Qf5 18. Bd3 Qg4+ 19. Kh1 Qf3+ 20. Kg1 O-O 21. Bd2 Qg4+ 22. Kh1 Nxd4 23.
Nxd4 Qxd4 24. Be3 Qd5+ 25. Qxd5 Nxd5 26. Bxa7 Bc5 0-1

[Event "Floripa Chess Open 2024"]
[Site "Florianopolis"]
[Date "2024.01.20"]
[Round "1.25"]
[White "Tomiello, Lucas Costamilan"]
[Black "Kerr, Carter"]
[Result "1-0"]
[WhiteElo "2306"]
[BlackElo "1624"]
[PlyCount "63"]
[EventDate "2024.01.20"]
[EventRounds "10"]
[EventCountry "BRA"]

1. e4 e5 2. Nf3 Nc6 3. Bb5 Nf6 4. d3 Bc5 5. Bxc6 dxc6 6. Nbd2 O-O 7. Nc4 Nd7 8.
Be3 ({RR} 8. O-O f6 9. a4 a5 10. Be3 b6 11. h4 Qe8 12. g3 Be7 13. Ne1 Nc5 14.
Ng2 Be6 15. b3 Qd7 16. Qe2 Rae8 17. f3 Bxc4 18. dxc4 Qh3 19. Kf2 Qe6 20. Kg1 f5
21. exf5 Qxf5 22. Rad1 Qh3 {Nakamura,H (2736)-Carlsen,M (2863) chess24.com INT
2020 0-1 (45)}) 8... Bxe3 ({RR} 8... Qe7 9. Bxc5 Qxc5 10. O-O Re8 11. Re1 Qe7
12. c3 c5 13. Rc1 b6 14. d4 exd4 15. cxd4 cxd4 16. Nxd4 Nc5 17. b4 Ne6 18. Nc6
Qg5 19. Rc3 Bb7 20. h4 Qxh4 21. N4e5 Qf6 22. Rf3 Nf4 23. Qc1 {Peng,X (2455)
-Peng,H (2412) Liaocheng CHN 2023 1/2-1/2 (71)}) 9. Nxe3 Re8 10. Qe2 $146 ({RR
} 10. O-O Nf8 11. Kh1 a5 12. a4 c5 13. g3 Ra6 14. Qe1 Rf6 15. Nd2 Rh6 16. f3 b6
17. Ndc4 Bb7 18. Rf2 Rg6 19. Qd2 h6 20. Raf1 Nh7 21. b3 Ng5 22. Nf5 Nh3 23. Rg2
Rf6 24. Nce3 h5 {Agopov,M (2430)-Tate,A (2342) Terme Catez SLO 2021 1-0 (42)})
10... Nf6 11. O-O-O b5 12. Kb1 a5 13. d4 exd4 14. e5 Nd5 15. Nxd4 Nxe3 16. Qxe3
Qd5 17. Nb3 Qe6 18. f4 Qg6 19. g4 Bxg4 20. Rdg1 Qe6 21. Qg3 h5 22. h3 a4 23.
Nc1 a3 24. b3 Qd5 25. hxg4 Qd4 26. Nd3 c5 27. gxh5 Kf8 28. Qxg7+ Ke7 29. Qf6+
Kf8 30. h6 Re6 31. Rg8+ Kxg8 32. Qg7# 1-0

[Event "Floripa Chess Open 2024"]
[Site "Florianopolis"]
[Date "2024.01.20"]
[Round "1.26"]
[White "Bonilla Viamonte, Diego Armando"]
[Black "Menna Barreto, Felipe Kubiaki"]
[Result "1/2-1/2"]
[WhiteElo "1620"]
[BlackElo "2278"]
[PlyCount "53"]
[EventDate "2024.01.20"]
[EventRounds "10"]
[EventCountry "BRA"]

1. c4 g6 2. g3 Bg7 3. Bg2 e5 4. e4 Ne7 5. Nc3 d6 6. Nge2 Nbc6 7. d3 Be6 8. O-O
Qd7 9. Rb1 Bh3 10. b4 h5 11. f3 Bxg2 $146 ({RR} 11... f6 12. Be3 Nd8 13. d4 Nf7
14. c5 Bxg2 15. Kxg2 f5 16. dxe5 Bxe5 17. cxd6 Nxd6 18. Bd4 Nc6 19. Bxe5 Nxe5
20. Qd4 Ndf7 21. Nd5 Qd6 22. f4 Nc6 23. e5 Nxd4 24. exd6 Nxe2 25. Nxc7+ Kd7 26.
Nxa8 {Jamrich,G (2150)-Lajos,J (2350) Hungary 1993 1/2-1/2 (73)}) 12. Kxg2 h4
13. g4 h3+ 14. Kh1 f5 15. Rg1 fxe4 16. dxe4 Nd4 17. Nxd4 exd4 18. Ne2 c5 19. b5
O-O-O 20. Bg5 Rdf8 21. Rb3 Kb8 22. Ra3 Nc8 23. Nf4 Rxf4 24. Bxf4 Nb6 25. Qe2
Qe6 26. Rc1 Rf8 27. Bg3 1/2-1/2

[Event "Floripa Chess Open 2024"]
[Site "Florianopolis"]
[Date "2024.01.20"]
[Round "1.28"]
[White "Pereira, Armando Scharlau"]
[Black "Diaz Villagran, Robert"]
[Result "0-1"]
[WhiteElo "1618"]
[BlackElo "2268"]
[PlyCount "38"]
[EventDate "2024.01.20"]
[EventRounds "10"]
[EventCountry "BRA"]

1. d4 {Ramirez Alvarez,Alejandro} Nf6 2. Bg5 d5 3. Nf3 c6 4. e3 Qb6 5. Bd3 Qxb2
({RR} 5... Ne4 6. Nbd2 Nxg5 7. Nxg5 e6 8. Qh5 g6 9. Qf3 Qc7 10. h4 Qe7 11.
O-O-O Bg7 12. c3 e5 13. e4 h6 14. Nxf7 ({RR} 14. Nh3 exd4 15. cxd4 Bxd4 16.
exd5 O-O) 14... Qxf7 15. Qg3 exd4 16. exd5 O-O 17. Bxg6 Qxf2 18. Qxf2 Rxf2 19.
Ne4 Rxg2 20. Rdg1 {Kramnik,V (2801)-Nakamura,H (2787) Zuerich 2016 CBM 171  
[Ramirez Alvarez,Alejandro] 0-1 (37)}) 6. Nbd2 Nbd7 7. O-O e6 8. e4 $146 ({RR} 
8. a4 Qb6 9. c4 Be7 10. Qc2 Qd8 11. a5 h6 12. Bf4 O-O 13. a6 c5 14. Ne5 cxd4
15. exd4 Nxe5 16. Bxe5 dxc4 17. Nxc4 b6 18. Qe2 Bd7 19. Ne3 Bc6 20. Rac1 Rc8
21. Ng4 Qd5 22. Nxf6+ Bxf6 {Dranov,A (2465)-Zatonskih,A (2512) Germany 2013 1/
2-1/2}) 8... dxe4 9. Bxf6 exd3 10. Nc4 Qxc2 11. Qxc2 dxc2 12. Bg5 Nb6 13. Ne3
f6 14. Bf4 Nd5 15. Nxd5 exd5 16. Rfe1+ Kf7 17. Re2 g5 18. Be3 Bf5 19. Ne1 Bb4
0-1